000 00715nam a2200241Ia 4500
003 OSt
005 20220930071756.0
006 a|||||r|||| 00| 0
007 ta
008 220926b |||||||| |||| 00| 0 hin d
024 _a18068
037 _cTheses
040 _aCRL
_cCRL
_bhin
041 _2hin
_ahin
100 _aVerma Kalpana
_9528919
110 _aUniversity of Allahabad. Faculty of Arts. Department of Hindi
_9528920
245 0 _aPrithviraj raso ki bhasha ka bhasha vayiganik adhyayan
260 _c1983
650 _aHINDI LITERATURE
_923866
700 _aUniversity of Allahabad. Faculty of Arts. Department of Hindi
_9528921
942 _cDIS
_2CC
999 _c862813
_d862813